000 00525ntaaa2200205 4500
003 01
005 20251027200929.0
008 0714s1973 ag 01
040 _aAR-BaBN
_bspa
_cAR-BaBN
_eaacr
_dRIC
082 _a237.4 R36
100 _aRice, John R.
_96032
245 _aBible Facts about Heaven /
_cJohn R. Rice
250 _a1 ed.
260 _aSword of the Lord Publishers,
_cc/1940
300 _a80 p.
650 _acielo
_95870
650 _avida futura - teologia
_96033
650 _ateologia - cielo
942 _cBK
999 _c3289
_d3289